Batch Processes / (Record no. 11806)
[ view plain ]
| 000 -LEADER | |
|---|---|
| fixed length control field | 01417cam a22003254a 4500 |
| 001 - CONTROL NUMBER | |
| control field | 13902984 |
| 005 - DATE AND TIME OF LATEST TRANSACTION | |
| control field | 20060728190740.0 |
| 008 - FIXED-LENGTH DATA ELEMENTS--GENERAL INFORMATION | |
| fixed length control field | 050317s2006 flua b 001 0 eng |
| 010 ## - LIBRARY OF CONGRESS CONTROL NUMBER | |
| LC control number | 2005043727 |
| 020 ## - INTERNATIONAL STANDARD BOOK NUMBER | |
| International Standard Book Number | 9780824725228 (alk. paper) |
| 020 ## - INTERNATIONAL STANDARD BOOK NUMBER | |
| International Standard Book Number | 0824725220 (alk. paper) |
| 040 ## - CATALOGING SOURCE | |
| Original cataloging agency | DLC |
| Transcribing agency | DLC |
| Modifying agency | DLC |
| 042 ## - AUTHENTICATION CODE | |
| Authentication code | pcc |
| 050 00 - LIBRARY OF CONGRESS CALL NUMBER | |
| Classification number | TS156.8 |
| Item number | .K65 2006 |
| 082 00 - DEWEY DECIMAL CLASSIFICATION NUMBER | |
| Classification number | 660.281 |
| Edition number | 22 |
| Item number | KOR |
| 100 1# - MAIN ENTRY--PERSONAL NAME | |
| Personal name | Korovessi, Ekaterini. |
| 9 (RLIN) | 6075 |
| 245 10 - TITLE STATEMENT | |
| Title | Batch Processes / |
| Statement of responsibility, etc | Ekaterini Korovessi, Andreas A. Linninger. |
| 260 ## - PUBLICATION, DISTRIBUTION, ETC. (IMPRINT) | |
| Place of publication, distribution, etc | Boca Raton, FL : |
| Name of publisher, distributor, etc | CRC/Taylor & Francis, |
| Date of publication, distribution, etc | c2006. |
| 300 ## - PHYSICAL DESCRIPTION | |
| Extent | 543 p. : |
| Other physical details | ill. ; |
| Dimensions | 24 cm. |
| 440 #0 - | |
| -- | Chemical industries ; |
| -- | v. 106 |
| -- | 6076 |
| 504 ## - BIBLIOGRAPHY, ETC. NOTE | |
| Bibliography, etc | Includes bibliographical references and index. |
| 650 #0 - SUBJECT ADDED ENTRY--TOPICAL TERM | |
| Topical term or geographic name as entry element | Process control |
| General subdivision | Data processing. |
| 9 (RLIN) | 6077 |
| 650 #0 - SUBJECT ADDED ENTRY--TOPICAL TERM | |
| Topical term or geographic name as entry element | Chemical process control |
| General subdivision | Data processing. |
| 9 (RLIN) | 6078 |
| 700 1# - ADDED ENTRY--PERSONAL NAME | |
| Personal name | Linninger, Andreas A. |
| 9 (RLIN) | 6079 |
| 856 41 - ELECTRONIC LOCATION AND ACCESS | |
| Materials specified | Table of contents only |
| Uniform Resource Identifier | <a href="http://www.loc.gov/catdir/toc/fy0601/2005043727.html">http://www.loc.gov/catdir/toc/fy0601/2005043727.html</a> |
| 856 42 - ELECTRONIC LOCATION AND ACCESS | |
| Materials specified | Publisher description |
| Uniform Resource Identifier | <a href="http://www.loc.gov/catdir/enhancements/fy0648/2005043727-d.html">http://www.loc.gov/catdir/enhancements/fy0648/2005043727-d.html</a> |
| 942 ## - ADDED ENTRY ELEMENTS (KOHA) | |
| Source of classification or shelving scheme | Dewey Decimal Classification |
| Item type | Book - Borrowing |
| Withdrawn status | Item status | Source of classification or shelving scheme | Damaged status | Not for loan | Vendor | Home library | Current library | Shelving location | Date acquired | Source of acquisition | Cost, normal purchase price | Total Checkouts | Total Renewals | Full call number | Barcode | Date last seen | Date last borrowed | Koha item type |
|---|---|---|---|---|---|---|---|---|---|---|---|---|---|---|---|---|---|---|
| Dewey Decimal Classification | Alef-Baa | Central Library | Central Library | First floor | 11/06/2009 | 150.00 | 1 | 3 | 660.281 KOR | 000016774 | 15/07/2025 | 26/03/2018 | Book - Borrowing |